[Event "Pobeskydy op"]
[Site "Frydek Mistek"]
[Date "2008.03.20"]
[Round "1"]
[White "Svoboda, Adam"]
[Black "Polacik, Igor"]
[Result "0-1"]
[WhiteElo "1811"]
[BlackElo "2130"]
[PlyCount "84"]
[EventDate "2008.03.20"]
[EventType "swiss"]
[EventRounds "9"]
[EventCountry "CZE"]
[SourceTitle "EXT 2010"]
[Source "ChessBase"]
[SourceDate "2010.11.25"]
[SourceVersion "1"]
[SourceVersionDate "2010.11.25"]
[SourceQuality "1"]

1. e4 e5 2. Nf3 Nc6 3. Bb5 a6 4. Ba4 Nf6 5. 0-0 b5 6. Bb3 Be7 7. Re1 0-0 8. c3 d5 9. exd5 Nxd5 10. d4 exd4 11. Nxd4 Nxd4 12. Qxd4 Bb7 13. Nd2 c5 14. Qe4 Bf6 15. Nf3 Re8 16. Qxe8+ Qxe8 17. Rxe8+ Rxe8 18. Bxd5 Bxd5 19. Be3 Rc8 20. a3 Bxf3 21. gxf3 c4 22. Rd1 Rd8 23. Rxd8+ Bxd8 24. Bc5 f5 25. Kf1 Kf7 26. Ke2 Bc7 27. h3 Ke6 28. Ke3 Kd5 29. Bd4 g5 30. Ke2 Bf4 31. Be3 Bxe3 32. Kxe3 Ke5 33. Kd2 Kf4 34. Ke2 h6 35. Ke1 Kxf3 36. Kf1 h5 37. Kg1 h4 38. Kf1 g4 39. Kg1 g3 40. Kf1 gxf2 41. b3 cxb3 42. c4 b2 0-1

[Event "SVK-ch op-B"]
[Site "Banska Stiavnica"]
[Date "2007.07.15"]
[Round "9.7"]
[White "Stric, Dusan"]
[Black "Svoboda, Adam"]
[Result "1-0"]
[WhiteElo "2063"]
[BlackElo "1823"]
[PlyCount "99"]
[EventDate "2007.07.07"]
[EventType "swiss"]
[EventRounds "9"]
[EventCountry "SVK"]
[SourceTitle "EXT 2010"]
[Source "ChessBase"]
[SourceDate "2010.11.25"]
[SourceVersion "1"]
[SourceVersionDate "2010.11.25"]
[SourceQuality "1"]

1. c4 e6 2. g3 d5 3. cxd5 exd5 4. Bg2 Nf6 5. Nf3 Bc5 6. 0-0 c6 7. Qc2 Bb6 8. b3 0-0 9. Bb2 Re8 10. e3 Ne4 11. d3 Nxf2 12. Rxf2 Bxe3 13. Kh1 Bxf2 14. Qxf2 Bf5 15. Ne5 Be6 16. Nd2 f6 17. Nef3 Nd7 18. d4 Bf7 19. g4 Re6 20. Nf1 Qe7 21. Ng3 Bg6 22. h4 Re8 23. Rg1 Be4 24. Bc3 g6 25. Bd2 b6 26. b4 c5 27. bxc5 bxc5 28. dxc5 Nxc5 29. Nd4 Ra6 30. Bc3 f5 31. Ngxf5 gxf5 32. Nxf5 Qf8 33. Bg7 Nd3 34. Qd2 Qf7 35. Ba1 Ne5 36. Bxe4 dxe4 37. Qg5+ Qg6 38. Nh6+ Kf8 39. Rf1+ Nf3 40. Qc5+ Qd6 41. Qf5+ Ke7 42. Qxe4+ Kd7 43. Qxf3 Qxh6 44. Qb7+ Kd8 45. Qb8+ Kd7 46. Rd1+ Ke7 47. Re1+ Re6 48. Qxa7+ Kf8 49. Rf1+ Kg8 50. Qf7# 1-0

[Event "SVK-ch op-B"]
[Site "Banska Stiavnica"]
[Date "2007.07.14"]
[Round "8.8"]
[White "Svoboda, Adam"]
[Black "Kunovsky, Daniel"]
[Result "1/2-1/2"]
[WhiteElo "1823"]
[BlackElo "2059"]
[PlyCount "106"]
[EventDate "2007.07.07"]
[EventType "swiss"]
[EventRounds "9"]
[EventCountry "SVK"]
[SourceTitle "EXT 2010"]
[Source "ChessBase"]
[SourceDate "2010.11.25"]
[SourceVersion "1"]
[SourceVersionDate "2010.11.25"]
[SourceQuality "1"]

1. e4 e5 2. Nf3 Nc6 3. Nc3 Nf6 4. d4 exd4 5. Nxd4 d6 6. Bb5 Bd7 7. 0-0 Be7 8. Nd5 Nxd4 9. Bxd7+ Qxd7 10. Qxd4 c5 11. Qd3 0-0 12. Nxe7+ Qxe7 13. f3 Qe5 14. c4 h5 15. Rb1 g5 16. Qc3 Nh7 17. Qxe5 dxe5 18. Rd1 Rfd8 19. Be3 b6 20. Rd5 Rxd5 21. cxd5 Kf8 22. g3 Rd8 23. b3 Ke7 24. Kf2 f6 25. f4 g4 26. Ke2 Kd6 27. Rf1 Rf8 28. Kd3 a6 29. b4 cxb4 30. fxe5+ fxe5 31. Rxf8 Nxf8 32. Bxb6 Nd7 33. Ba7 a5 34. Kc4 Kc7 35. Bc5 Nf6 36. Kd3 Nd7 37. Be7 Nb6 38. Bf6 Nd7 39. Be7 Nb6 40. Bg5 Na4 41. Bc1 Nc5+ 42. Ke3 a4 43. Bd2 b3 44. axb3 axb3 45. Bc3 Kd6 46. Bb2 Na4 47. Ba3+ Kd7 48. Kd3 b2 49. Kc2 b1Q+ 50. Kxb1 Nc3+ 51. Kc2 Nxe4 52. Kd3 Ng5 53. Ke3 Nf3 1/2-1/2

[Event "Frydek Mistek BSS Cup"]
[Site "Frydek Mistek"]
[Date "2007.02.23"]
[Round "6"]
[White "Svoboda, Adam"]
[Black "Langner, Jakub"]
[Result "1-0"]
[WhiteElo "1597"]
[BlackElo "1838"]
[PlyCount "71"]
[EventDate "2007.02.19"]
[EventType "swiss"]
[EventRounds "7"]
[EventCountry "CZE"]
[SourceTitle "EXT 2008"]
[Source "ChessBase"]
[SourceDate "2007.11.25"]
[SourceVersion "1"]
[SourceVersionDate "2007.11.25"]
[SourceQuality "1"]

1. e4 c5 2. Nf3 e6 3. Nc3 Nc6 4. d4 cxd4 5. Nxd4 Nf6 6. Be3 Bb4 7. Bd3 d5 8. exd5 exd5 9. 0-0 0-0 10. Nce2 Ng4 11. Bf4 Bd6 12. Nf3 Be6 13. c3 Bxf4 14. Nxf4 Nce5 15. Be2 Qd6 16. h3 Nf6 17. Nd3 Nc4 18. Nd4 Ne4 19. Nb3 Bf5 20. Re1 Qg6 21. Nf4 Qb6 22. Nd4 Be6 23. Bxc4 Qxb2 24. Qc2 Qxc2 25. Nxc2 Nxc3 26. Bb3 Rfe8 27. Nd4 Rac8 28. Nfxe6 fxe6 29. Nxe6 Re7 30. Nf4 Rce8 31. Rxe7 Rxe7 32. Nxd5 Nxd5 33. Bxd5+ Kf8 34. Rc1 Ke8 35. Kf1 Kd7 36. Bxb7 1-0